Metodo practico de ingles,. (Record no. 11546)
[ view plain ]
| 000 -CABECERA | |
|---|---|
| campo de control de longitud fija | 00619cam a2200193u 4500 |
| 001 - NÚMERO DE CONTROL | |
| campo de control | 000011874 |
| 005 - FECHA Y HORA DE LA ÚLTIMA TRANSACCIÓN | |
| campo de control | 20200929162612.0 |
| 008 - DATOS DE LONGITUD FIJA--INFORMACIÓN GENERAL | |
| campo de control de longitud fija | 831220s1939 xx a 000 0 spa |
| 010 ## - NÚMERO DE CONTROL DE LA BIBLIOTECA DEL CONGRESO | |
| Número de control de LC | 40018019 |
| 040 ## - FUENTE DE LA CATALOGACIÓN | |
| Centro catalogador/agencia de origen | DO-SdBNP |
| Centro/agencia transcriptor | CarP |
| Centro/agencia modificador | DLC |
| 050 00 - SIGNATURA TOPOGRÁFICA DE LA BIBLIOTECA DEL CONGRESO | |
| Número de clasificación | PE1129.S8 |
| Número de documento/Ítem | E3 1939 |
| 049 ## - FONDOS LOCALES (OCLC) | |
| Fondos de biblioteca | DC |
| 100 1# - ENTRADA PRINCIPAL--NOMBRE DE PERSONA | |
| Nombre de persona | Elias, Alfredo. [from old catalog] |
| 9 (RLIN) | 28064 |
| 245 10 - MENCIÓN DE TÍTULO | |
| Título | Metodo practico de ingles,. |
| 260 ## - PUBLICACIÓN, DISTRIBUCIÓN, ETC. | |
| Lugar de publicación, distribución, etc. | Nueva York, : |
| Nombre del editor, distribuidor, etc. | National paper & type company, |
| Fecha de publicación, distribución, etc. | [1939]. |
| 300 ## - DESCRIPCIÓN FÍSICA | |
| Extensión | x, 228 p. : |
| Otras características físicas | illus. ; |
| Dimensiones | 17 x 21 cm. |
| 650 #0 - PUNTO DE ACCESO ADICIONAL DE MATERIA--TÉRMINO DE MATERIA | |
| Término de materia o nombre geográfico como elemento de entrada | English language |
| Subdivisión de forma | Textbooks for foreign speakers |
| Subdivisión general | Spanish. |
| 9 (RLIN) | 28065 |
| 910 ## - DATOS DE OPCIÓN DEL USUARIO (OCLC) | |
| Datos de opción del usuario | Catalogación derivada |
| Estado de retiro | Estado de pérdida | Restricciones de uso | No para préstamo | Código de colección | Localización permanente | Ubicación/localización actual | Ubicación en estantería | Fecha de adquisición | Número de inventario | Total de préstamos | Signatura topográfica completa | Código de barras | Fecha visto por última vez | Precio válido a partir de | Tipo de ítem Koha |
|---|---|---|---|---|---|---|---|---|---|---|---|---|---|---|---|
| Préstamo interno | Monografías: Libros y Folletos | General | General | En catalogación | 29.10.2009 | LF1 | 11874-10 | 25.06.2020 | 25.06.2020 | Préstamo interno |
